| 000 | 00430nam a2200169Ia 4500 | ||
|---|---|---|---|
| 008 | 210210b1957 xxu||||| |||| 00| 0 eng d | ||
| 041 | _aeng | ||
| 082 | _a791/57 | ||
| 100 | _aTUFFS (Elsden J) | ||
| 245 | _aTeach yourself conjuring | ||
| 260 |
_aLondon _bThe English Universities Press Ltd. _c1957 |
||
| 650 | _ayourself | ||
| 650 | _aTeach | ||
| 650 | _aconjuring | ||
| 690 | _aAthletic & Outdoor Sports | ||
| 906 | _a011101 | ||
| 999 |
_c139221 _d139221 |
||